Ley N§ 19.366: sanciona el tráfico ilícito de estupefacientes y sustancias sicotrópicas
Uloženo v:
| Médium: | Kniha |
|---|---|
| Jazyk: | španělština |
| Vydáno: |
Santiago
Diario Oficial de la República de Chile
1996
|
| Edice: | Leyes anotadas y concordadas, 11
|
| Témata: | |
| Tagy: |
Přidat tag
Žádné tagy, Buďte první, kdo vytvoří štítek k tomuto záznamu!
|
MARC
| LEADER | 00000nam a2200000 a 4500 | ||
|---|---|---|---|
| 001 | UCU8050 | ||
| 003 | CL-VaPUC | ||
| 008 | 960712e19960400CL |||||||||||||||||spa|d | ||
| 082 | 0 | 4 | |a 344.054 |b LEY |2 21 |
| 245 | 1 | 0 | |a Ley N§ 19.366: sanciona el tráfico ilícito de estupefacientes y sustancias sicotrópicas |
| 300 | |a 94 p | ||
| 942 | |c BK | ||
| 945 | |d 19960712 00:00:00 |a rbrito | ||
| 260 | |a Santiago |b Diario Oficial de la República de Chile |c 1996 | ||
| 650 | 7 | |a CONTROL DE DROGAS |2 CL-VaPUC |9 367273 | |
| 650 | 0 | |a Tráfico de drogas |9 254839 | |
| 650 | 7 | |a TOXICOMANIA |2 CL-VaPUC |9 307600 | |
| 650 | 0 | |a Drogas |9 254877 | |
| 650 | 0 | |a Adicción |9 337026 | |
| 650 | 7 | |a LUCHA CONTRA LA TOXICOMANIA |2 CL-VaPUC |9 338794 | |
| 650 | 0 | |a Derecho y legislación |9 255077 | |
| 650 | 7 | |a DROGAS ALUCINOGENAS |2 CL-VaPUC |9 307601 | |
| 651 | 7 | |a CHILE |2 CL-VaPUC |9 367274 | |
| 583 | |a last modification |c 19960712 00:00:00 |k Rodrigo Vera | ||
| 490 | 0 | |a Leyes anotadas y concordadas, 11 | |
| 999 | |c 250583 |d 250581 | ||
| 952 | |0 0 |1 0 |2 ddc |4 0 |6 344_054000000000000_LEY_1996 |7 0 |8 A |9 268794 |a BIBDER |b BIBDER |d 2019-11-19 |i 3212750 |o 344.054 LEY 1996 |p 3212750 |r 2023-01-25 |w 2019-11-19 |y MX |k DER | ||
| 952 | |0 0 |1 0 |2 ddc |4 0 |6 344_054000000000000_LEY_1996 |7 0 |8 A |9 268795 |a BIBDER |b BIBDER |d 2019-11-19 |i 3213226 |o 344.054 LEY 1996 |p 3213226 |r 2023-01-25 |w 2019-11-19 |y MX |k DER | ||
| 952 | |0 0 |1 0 |4 0 |6 344_054000000000000_LEY_1996 |7 0 |8 A |9 268797 |a BIBGIM |b BIBGIM |d 2019-11-19 |i 3213218 |o 344.054 LEY 1996 |p 3213218 |r 2025-01-15 |w 2019-11-19 |y BK |k SSL | ||
| 952 | |0 0 |1 0 |4 0 |6 344_054000000000000_LEY_1996 |7 0 |8 A |9 268798 |a BIBEDU |b BIBEDU |d 2019-11-19 |i 3213234 |o 344.054 LEY 1996 |p 3213234 |r 2019-11-19 |w 2019-11-19 |y BK |k EDU | ||
| 952 | |0 0 |1 0 |4 0 |6 344_054000000000000_LEY_1996 |7 0 |8 A |9 268799 |a BIBGIM |b BIBGIM |d 2019-11-19 |i 3517217 |o 344.054 LEY 1996 |p 3517217 |r 2025-01-15 |w 2019-11-19 |y BK |k GIM | ||
| 952 | |0 0 |1 0 |4 0 |6 344_054000000000000_LEY_1996 |7 0 |8 A |9 268800 |a BIBGIM |b BIBGIM |d 2019-11-19 |i 3517225 |o 344.054 LEY 1996 |p 3517225 |r 2025-01-15 |w 2019-11-19 |y BK |k GIM | ||